000 00648cam a22002293a 4500
001 25354
003 PGUSA
005 20140828083538.0
008 080506s2008||||xxu|||||s|||||000 | eng d
040 _aPGUSA
_beng
042 _adc
050 4 _aBF
100 1 _aLoisette, A.
_q(Alphonse)
245 1 0 _aAssimilative Memory ;
_bor, How to Attend and Never Forget
_h[electronic resource] /
_cA. Loisette
260 _bProject Gutenberg,
_c2008
506 _aPublic domain in the USA.
516 _aElectronic text
653 _aMnemonics
830 0 _aProject Gutenberg
_v25354
856 4 0 _uhttp://www.gutenberg.org/ebooks/25354
942 _cEB
999 _c254609
_d254609